Normal view
MARC view
- Misry, Raza, Rashid, Syed , Allama
Entry Personal Name
001 - CONTROL NUMBER
- control field: 46939
003 - CONTROL NUMBER IDENTIFIER
- control field: NUST
005 - DATE AND TIME OF LATEST TRANSACTION
- control field: 20210314133649.0
008 - FIXED-LENGTH DATA ELEMENTS
- fixed length control field: 210314|| aca||aabn | a|a d
040 ## - CATALOGING SOURCE
- Original cataloging agency: NUST
- Transcribing agency: NUST
100 ## - HEADING--PERSONAL NAME
- Personal name: Misry, Raza, Rashid, Syed , Allama
670 ## - SOURCE DATA FOUND
- Source citation: Work cat.: (NUST): Misry, Raza, Rashid, Syed , Allama. , اسلام کی امتیازی خصوصیات, 1999
